000 00447nam a2200169Ia 4500
003 LK-CoDNM
008 010623t2010 xxu||||| |||| 00| 1 sin d
040 _aLK-CoDNM
_dLK-CoDNM
_eLK-CoDNM
041 _asin
080 _a294.3 GUN
100 _aGunarathana himi,Galgamuwe
245 _aබෞද්ධ ශිෂ්ඨාචාරය
246 _aBauddha Shistacharaya
260 _bAuthor
_aS.I.
_c2010
300 _b158, 21 cm
942 _cBK
999 _c130134
_d130134